000 00698nam a2200289Ia 4500
005 20260324133040.0
008 008 260324s9999 xx 000 0 eng d
020 _a9781003086437
037 _aEBOOK
040 _aCRL
040 _beng
040 _cCRL
041 _2eng
041 _aeng
084 _qCRL
100 _aJohn Bale; Mette Krogh Christensen
_91191597
245 0 _aPost-Olympism
245 0 _bQuestioning Sport in the Twenty-First Century
260 _bTaylor and Francis
260 _c2004
365 _a
365 _b230
856 _uhttp://www.taylorfrancis.com/books/9781003086437
942 _cEBOOK
999 _c1790291
_d1790291